| 000 | 00510nam a2200181Ia 4500 | ||
|---|---|---|---|
| 005 | 20260429112248.0 | ||
| 008 | 260429s9999||||xx |||||||||||||| ||und|| | ||
| 020 | _a8186311963 | ||
| 041 | _aHindi | ||
| 082 |
_a891.433 _bPRE |
||
| 100 | _aप्रेमचंद | ||
| 245 | 0 |
_aवरदान / _cप्रेमचंद |
|
| 250 | _a0 | ||
| 260 |
_aदिल्ली : _bईस्टर्न बुक लिंकर, _c2019. |
||
| 300 | _a128 p.; Hb | ||
| 650 | _aHindi Literature | ||
| 942 | _cTB | ||
| 999 |
_c53190 _d53190 |
||